1652 1802 1359 1869 1754 1907 1496 1961 1703 1936 1909 1631 1343 1227 1542 1327 1060 1686 1892 1671 1087 1093 1454 1877 1971 1737 1832 1479 1169 1753 1096 1905 1209 1577 1143 1747 1826 1815 1895 1437 1504 1745 1541 1511 1931 1421 1344 1185 1915 1655 1010 1288 1241 1115 1794 1001 1726 1633 1971 1977 1409 1930 1723 1307 1877 1695 1363 1722 1084 1741 1390 1175 1489 1382 1954 1361 1757 1116 1405 1116 1384 1168 1794 1351 1728 1756 1835 1233 1741 1784 1975 1056 1435 1211 1595 1122 1139 1727 1180 BCNSPRNW ULIB Ver.6.0+V

เปลี่ยนเป็นภาษาไทย

Change to English
 แสดงรายละเอียดบรรณานุกรม
  กลับหน้าหลัก

Brief Record : Get Marc (ISO 2709) : E-mail record : QR code < ปิดหน้าต่าง
LEADER : 00000nam 2200000uu 4500
001    13399113195
003     ULIB
008    110928s2552||||th 000 0 tha d
050 04 QA95^bพ283อ 2552
100 0  พรสรร วิเชียรประดิษฐ์
245 10 อัลโก เกมการ์ดปริศนาพัฒนาสมอง ขั้นเบื้องต้น/^cพรสรร วิเชียรประดิษฐ์,แปล
250    พิมพ์ครั้งที่ 1
260    นนทบุรี :^bแพรวเยาวชน,^c2552
300    49 หน้า
650  7 เกมการ์ดปริศนา
650  7 algo
945    ^p59^l0^i027702
945    ^p59^l0^i18687
995    ทศพร
999 ^a ทศพร
รายการนี้ยังไม่มีแท็ก
คุณยังไม่ได้ล็อกอิน คุณสามารถมีกิจกรรมร่วมกับเว็บไซต์ได้ แต่ต้องล็อกอินก่อน ::
  ล็อกอิน

รายการสื่อสารสนเทศ

ลำดับที่ ประเภท เลขเรียก/บาร์โค้ด สถานที่ สถานะ
- ไม่พบข้อมูล -

BibComment


ยังไม่เคยถูกคอมเมนท์

คอมเมนท์ทรัพยากรรายการนี้
  คอมเมนท์: อัลโก เกมการ์ดปริ..


 Copyright 2026. Bcnsprnw @Library